000 00366 a2200157 4500
001 153243
040 _cEscola São Tomás de Aquino
100 _aBRONTE, Emily.
240 1 0 _aO morro dos ventos uivantes
_lpor
245 1 0 _aO morro dos ventos uivantes
300 _a111
362 0 _a1997
440 1 _aScipione
697 _a*LITERATURA JUVENIL
942 _cBK
999 _c153243
_d153243